00485 2200181 4500001002100000005001500021035002000036245008400056110001400140250001000154300002400164260004400188082000800232084001400240020001800254990001400272990001700286INLIS00000000000001520210129094923 a0010-01210000071 aPetunjuk Paraktis menggemukkan :bDomba, Kambing, dan Sapi /cRedaksi Agromedia aAgromedia acet.3 a154hal. ;c13x19 cm aJakarta :bPT. AgroMedia Pustaka,c2010 a639 a639 AGR p a979-006-263-x a2011/2015 a002201900001